Human resources administration for educational leaders (Record no. 480245)
[ view plain ]
| 000 -LEADER | |
|---|---|
| fixed length control field | 01509cam a2200337 a 4500 |
| 001 - CONTROL NUMBER | |
| control field | EDZ0000104469 |
| 003 - CONTROL NUMBER IDENTIFIER | |
| control field | StDuBDS |
| 005 - DATE AND TIME OF LATEST TRANSACTION | |
| control field | 20161031105137.0 |
| 006 - FIXED-LENGTH DATA ELEMENTS--ADDITIONAL MATERIAL CHARACTERISTICS--GENERAL INFORMATION | |
| fixed length control field | m||||||||d|||||||| |
| 007 - PHYSICAL DESCRIPTION FIXED FIELD--GENERAL INFORMATION | |
| fixed length control field | cr ||||||||||| |
| 008 - FIXED-LENGTH DATA ELEMENTS--GENERAL INFORMATION | |
| fixed length control field | 121017s2008 enka fo| 001|0|eng|d |
| 020 ## - INTERNATIONAL STANDARD BOOK NUMBER | |
| International Standard Book Number | 9781452274997 (ebook) : |
| Terms of availability | No price |
| 040 ## - CATALOGING SOURCE | |
| Original cataloging agency | StDuBDS |
| Language of cataloging | eng |
| Transcribing agency | StDuBDS |
| Description conventions | pn |
| 049 ## - LOCAL HOLDINGS (OCLC) | |
| Holding library | Alfaisal Main Library |
| 050 #0 - LIBRARY OF CONGRESS CALL NUMBER | |
| Classification number | LB2831.58 |
| Item number | .N67 2008 |
| 082 04 - DEWEY DECIMAL CLASSIFICATION NUMBER | |
| Classification number | 371.201 |
| Edition number | 23 |
| 100 1# - MAIN ENTRY--PERSONAL NAME | |
| Personal name | Norton, M. Scott. |
| 245 10 - TITLE STATEMENT | |
| Title | Human resources administration for educational leaders |
| Medium | [electronic resource] / |
| Statement of responsibility, etc | M. Scott Norton. |
| 260 ## - PUBLICATION, DISTRIBUTION, ETC. (IMPRINT) | |
| Place of publication, distribution, etc | London : |
| Name of publisher, distributor, etc | SAGE, |
| Date of publication, distribution, etc | c2008. |
| 300 ## - PHYSICAL DESCRIPTION | |
| Extent | 1 online resource (xvi, 435 p.) : |
| Other physical details | ill. |
| 520 8# - SUMMARY, ETC. | |
| Summary, etc | Detailing the major aspects of the human resources function in education, this book not only presents an historic overview, but also examines new developments in the field of human resources accountability. The text has many practical pedagogical features, such as chapter learning objectives and discussion questions. |
| 521 ## - TARGET AUDIENCE NOTE | |
| Target audience note | Specialized. |
| 588 ## - | |
| -- | Description based on print version record. |
| 504 ## - BIBLIOGRAPHY, ETC. NOTE | |
| Bibliography, etc | Includes bibliographical references and index. |
| 650 #0 - SUBJECT ADDED ENTRY--TOPICAL TERM | |
| Topical term or geographic name as entry element | School personnel management |
| Geographic subdivision | United States. |
| 655 #7 - INDEX TERM--GENRE/FORM | |
| Genre/form data or focus term | Electronic books. |
| Source of term | local |
| 710 2# - ADDED ENTRY--CORPORATE NAME | |
| Corporate name or jurisdiction name as entry element | Sage eBooks |
| 776 08 - ADDITIONAL PHYSICAL FORM ENTRY | |
| Display text | Print version : |
| International Standard Book Number | 9781412957595 |
| 856 40 - ELECTRONIC LOCATION AND ACCESS | |
| Uniform Resource Identifier | <a href="http://ezproxy.alfaisal.edu/login?url=http://sk.sagepub.com/books/human-resources-administration-for-educational-leaders">http://ezproxy.alfaisal.edu/login?url=http://sk.sagepub.com/books/human-resources-administration-for-educational-leaders</a> |
| 942 ## - ADDED ENTRY ELEMENTS (KOHA) | |
| Source of classification or shelving scheme | Library of Congress Classification |
| Koha item type | eBooks |
No items available.

